000
00262nam a22001097a 4500
041
_a
eng
080
_a
80
100
_a
Иванов, А. О.
245
_a
Английские разговорные формулы.
650
_a
English Practice
999
_c
280051
_d
280051
942
_c
BK